000 00175nam a2200073Ia 4500
008 170817s9999 xx 000 0 und d
100 _aDIKSHIK
245 0 _aBAYO KAMMY KE CHAMTKAR
260 _bBHASHA B.MATHURA
999 _c36205
_d36205